000 01977nam0a22003731 4500
001 RU\NLR\INFOCOMM_41\5000247217
005 20250613090313.0
035 _a(NLR Aleph) 009062197
090 _a7870551
_c7870551
100 _a20081009d1979 |||y0rusy50 ca
101 0 _aeng
_drus
102 _aRU
105 _aa z 000zy
200 1 _aHadron interaction at intermediate and high energies under the hypothesis of "black" or "almost black" constituent quarks
_fV. V. Anisovich, E. M. Levin, M. G. Ryskin
210 _aL.
_cЛИЯФ
_d1979
215 _a24 с.
_cил.
_d20 см
225 1 _aAcademy of sciences of the USSR, Leningrad nuclear physics institute
_v472
300 _aНа обороте тит. л.: Адронные процессы при средних и больших энергиях в рамках гипотезы "черных" или "почти черных" составляющих кварков / В. В. Анисович, Е. М. Левин, М. Г. Рыскин
300 _aНа обл. надзаг. на рус. яз.
300 _aРез. на рус. яз.
320 _aБиблиогр.: с. 23-24
517 1 _aАдронные процессы при средних и больших энергиях в рамках гипотезы "черных" или "почти черных" составляющих кварков
606 _aАдронные процессы
_xМодель кварков
_2nlr_sh1
686 _aВ382.145
_2rubbk
700 1 _4070
_7ba
_8rus
_aAnisovič
_bV. V.
_cд-р физ.-мат. наук, физика частиц
_f1932-
_gVladimir Vladislavovič
_9238628
_3RU\NLR\AUTH\770238684
701 1 _aLevin
_bE. M.
_f1940-
_gEvgenij Markovič
_4070
701 1 _aRyskin
_bM. G.
_f1947-
_gMichail Grigor'evič
_4070
790 1 _9z02700
_aAnisovich
_bV. V.
_4070
801 1 _aRU
_bNLR
_c20081009
801 0 _aRU
_bNLR
_gPSBO
852 _aNLR
_jФз01 Д-4/1092
942 _cBOOK
980 _aNB